| 000 | 01103nam a2200277Ia 4500 | ||
|---|---|---|---|
| 003 | OSt | ||
| 005 | 20200727170232.0 | ||
| 008 | 191128t2004 ck fr 001 0 spa d | ||
| 020 | _a9586168344 | ||
| 040 |
_aCO-JMCR _cCO-JMCR |
||
| 041 | 0 | _aspa | |
| 082 | 0 | 4 |
_a339.47 / _bN677c _223 |
| 100 | 1 |
_aNieto Arteta, Luis Eduardo, _eautor _97487 |
|
| 245 | 1 | 0 |
_aCrítica de la economía política : _bensayos / _cLuis Eduardo Nieto Arteta ; prólogo de Adolfo Meissel Roca ; compilación de Gonzalo Cataño |
| 260 |
_aBogotá : _bUniversidad Externado de Colombia, _c©2004 |
||
| 300 |
_a412 páginas ; _c24 cm. |
||
| 490 | 0 | _aBiblioteca de historia de las ideas. Serie mayor | |
| 500 | _aIncluye índice onomástico. | ||
| 504 | _aIncluye notas a pie de página. | ||
| 505 | 0 | _aCrítica de la economía política -- Patrón oro y moneda -- Comercio internacional -- Economía colombiana | |
| 650 | 1 | 4 |
_aHistoria económica _97908 |
| 650 | 1 | 4 |
_aComercio internacional _94034 |
| 700 | 1 |
_aMeissel Roca, Adolfo, _eprologuista _97906 |
|
| 700 | 1 |
_aCataño, Gonzalo, _ecompilador _97907 |
|
| 942 |
_2ddc _cBK |
||
| 999 |
_c5592 _d5592 |
||